书目信息 |
| 题名: |
自由泳
|
|
| 作者: | 武利华 著 | |
| 分册: | ||
| 出版信息: | 天津 天津人民美术出版社 2018.1 |
|
| 页数: | 152页 | |
| 开本: | 23cm | |
| 丛书名: | 图说全民健身体育运动丛书 | |
| 单 册: | ||
| 中图分类: | G861.11 | |
| 科图分类: | ||
| 主题词: | 自由泳--图解 | |
| 电子资源: | ||
| ISBN: | 978-7-5305-8371-5 | |
| 000 | 01003nam 2200277 45 | |
| 001 | 012001001113 | |
| 005 | 20130910145904.0 | |
| 010 | @a978-7-5305-8371-5@dCNY35.80 | |
| 099 | @aCAL 012018099492 | |
| 100 | @a20180622d2018 em y0chiy0110 ea | |
| 101 | 0 | @achi |
| 102 | @aCN@b120000 | |
| 105 | @aa z 000yy | |
| 106 | @ar | |
| 200 | 1 | @a自由泳@Azi you yong@f武利华著 |
| 210 | @a天津@c天津人民美术出版社@d2018.1 | |
| 215 | @a152页@c彩图@d23cm | |
| 225 | 2 | @a图说全民健身体育运动丛书@Atu shuo quan min jian shen ti yu yun dong cong shu |
| 300 | @a从入门到精通 | |
| 330 | @a本书遵循体育课程建设的客观规律, 将体育文化、健康理念纳入其中, 深入浅出地为读者讲述自由泳的起源与发展、基本技术、比赛规则等, 使读者在学习过程中, 不仅能够学会运动健身的方法, 同时还能够学到保健方面的基本知识。 | |
| 461 | 0 | @12001 @a图说全民健身体育运动丛书 |
| 606 | 0 | @a自由泳@j图解 |
| 690 | @aG861.11@v5 | |
| 701 | 0 | @a武利华@Awu li hua@4著 |
| 801 | @aCN@b江苏凤凰@c20211018 | |
| 905 | @b1342251-3@dG861.11@e101@f3 | |
| 自由泳/武利华著.-天津:天津人民美术出版社,2018.1 |
| 152页:彩图;23cm.-(图说全民健身体育运动丛书) |
| 从入门到精通 |
| ISBN 978-7-5305-8371-5:CNY35.80 |
| 本书遵循体育课程建设的客观规律, 将体育文化、健康理念纳入其中, 深入浅出地为读者讲述自由泳的起源与发展、基本技术、比赛规则等, 使读者在学习过程中, 不仅能够学会运动健身的方法, 同时还能够学到保健方面的基本知识。 |
| ● |
| 相关链接 |
|
|
|
|
正题名:自由泳
索取号:G861.11/101
 
预约/预借
| 序号 | 登录号 | 条形码 | 馆藏地/架位号 | 状态 | 备注 |
| 1 | 1342251 | 213422517 | 第一样本阅览室/ [索取号:G861.11/101] | 在馆 | |
| 2 | 1342252 | 213422526 | 第四借阅区/ [索取号:G861.11/101] | 在馆 | |
| 3 | 1342253 | 213422535 | 第四借阅区/ [索取号:G861.11/101] | 在馆 |